| 000 | 00668nam a2200241 a 4500 | ||
|---|---|---|---|
| 005 | 20250530063811.0 | ||
| 008 | 060406s2003 mx r 000 0 spa d | ||
| 020 | _a8427714351 | ||
| 035 | _aUPN01000143821 | ||
| 049 | _aCG | ||
| 050 | 4 |
_aQH332 _bM3.2 |
|
| 100 | 1 | _aMarsico, Gaia | |
| 245 | 1 | 0 |
_aBioética: _bvoces de mujeres / _cGaia Marsico ; tr. Carolina Ballester Meseguer. |
| 260 |
_aMadrid : _bNarcea, _c2003. |
||
| 300 | _a191 p. | ||
| 440 | 0 | _aMujeres | |
| 534 |
_pTraducción de: _tBiotica : voci di donne |
||
| 650 | 4 |
_aBioética _93958 |
|
| 650 | 4 |
_aÉtica médica _95864 |
|
| 650 | 4 |
_aFeminismo _98967 |
|
| 650 | 4 |
_aÉtica _912720 |
|
| 905 | _aLibro | ||
| 999 |
_c115968 _d115968 |
||